Normal view
MARC view
Entry Personal Name
001 - CONTROL NUMBER
- control field: 9859
003 - CONTROL NUMBER IDENTIFIER
- control field: ARRUPE
005 - DATE AND TIME OF LATEST TRANSACTION
- control field: 20140409140343.0
008 - FIXED-LENGTH DATA ELEMENTS
- fixed length control field: 140409|| aca||aabn | a|a d
040 ## - CATALOGING SOURCE
- Original cataloging agency: ARRUPE
- Transcribing agency: ARRUPE
100 ## - HEADING--PERSONAL NAME
- Personal name: Ndaluka, Thomas Joseph,
- Dates associated with a name: 1974-
670 ## - SOURCE DATA FOUND
- Source citation: Work cat.: (ARRUPE)0: Ndaluka, Thomas Joseph, 1974-, Religious discourse, social cohesion and conflict :, 2012.